The impact of protracted Afghan refugees on socio-economic conditions of Peshawar and its remedial measures/ (Record no. 540610)

000 -LEADER
fixed length control field 00599nam a22001577a 4500
082 ## - DEWEY DECIMAL CLASSIFICATION NUMBER
Classification number 200
100 ## - MAIN ENTRY--PERSONAL NAME
Personal name Muneer, Aamara
245 ## - TITLE STATEMENT
Title The impact of protracted Afghan refugees on socio-economic conditions of Peshawar and its remedial measures/
Statement of responsibility, etc. Aamara Muneer
260 ## - PUBLICATION, DISTRIBUTION, ETC.
Place of publication, distribution, etc. Islamabad :
Name of publisher, distributor, etc. MCE - NUST,
Date of publication, distribution, etc. 2017.
300 ## - PHYSICAL DESCRIPTION
Extent xii, 83 p. : ill. ;
Dimensions 30cm.
650 ## - SUBJECT ADDED ENTRY--TOPICAL TERM
Topical term or geographic name entry element MS-Basic sciences Humanities
700 ## - ADDED ENTRY--PERSONAL NAME
Personal name Supervisor. Hassan Farooq.
856 ## - Uniform Resource Identifier
Uniform Resource Identifier <a href=" http://10.250.8.41:8080/xmlui/handle/123456789/20303"> http://10.250.8.41:8080/xmlui/handle/123456789/20303</a>
942 ## - ADDED ENTRY ELEMENTS (KOHA)
Source of classification or shelving scheme
Koha item type Soft Copy
650 ## - SUBJECT ADDED ENTRY--TOPICAL TERM
-- 126585
700 ## - ADDED ENTRY--PERSONAL NAME
-- 126586
Holdings
Withdrawn status Lost status Source of classification or shelving scheme Damaged status Not for loan Permanent Location Current Location Shelving location Date acquired Full call number Barcode Date last seen Price effective from Koha item type
          Central Library (CL) Central Library (CL) Thesis 10/29/2020 200 CL-T-6452 10/29/2020 10/29/2020 Soft Copy
© 2023 Central Library, National University of Sciences and Technology. All Rights Reserved.